000 nam a22 a 4500
999 _c2020
_d2020
003 AKMAL
005 20170515085604.0
008 170515s2007 my | e | o000 0 may d
039 9 _a201005111015
_bnaima
_c200911100849
_dfatimah
_c200810161114
_danisatul
_c200809221531
_dnorliar
040 _aAKMAL
082 0 4 _a364.155407209595 KHA
_222
090 0 0 _a364.155407209595
_bKHA
100 0 _aKhadijah Alavi
_94189
245 1 0 _aPenderaan kanak-kanak :
_bcabaran, cegahan dan membantu /
_cKhadijah Alavi, Mohamed Fadzil Che Din
260 _aKuala Lumpur :
_bInstitut Sosial Malaysia,
_c2007
300 _avi, 101ms. ;
_c26cm
504 _aBibliografi : ms. 96
650 1 0 _aChild abuse
_xResearch
_zMalaysia
_94190
650 2 0 _aChild abuse
_xPrevention
_xResearch
_zMalaysia
_94191
650 2 0 _aAbused children
_xCounseling of
_xResearch
_zMalaysia
_94192
700 0 _aMohamed Fadzil Che Din
_94193
942 _2ddc
_cBOOK